000 00276nam a2200109Ia 4500
008 220216s9999 xx 000 0 und d
100 _aWright J
245 0 _aWheels and rims as applied to transportation
260 _bIRI Transactions
_c1930
300 _a332-350
942 _cJS
999 _c72385
_d72385